2026 NFL Draft Round 1 Schools - Statistics

General Stats
  • This quiz has been taken 51 times
  • The average score is 14 of 20
Answer Stats
Pick # of Picks Answer % Correct
1 2 Indiana
100%
4 4 Ohio State
98%
12 2 Alabama
85%
2 1 Texas Tech
85%
20 1 USC
85%
10 3 Miami
83%
3 2 Notre Dame
83%
19 1 Georgia
80%
6 1 Louisiana State
78%
24 1 Texas A&M
78%
16 2 Oregon
76%
17 2 Clemson
71%
8 2 Arizona State
68%
18 1 Florida
68%
9 2 Utah
68%
14 1 Penn State
63%
31 1 Auburn
51%
23 1 Central Florida
44%
26 1 Georgia Tech
44%
27 1 San Diego State
24%
No matching quizzes found
Score Distribution
Percent of People with Each Score
Percentile by Number Answered
Your Score History
You have not taken this quiz